000 00671nam a2200217 a 4500
001 BRCA_337
005 20190320202951.0
008 890612t19891983kyua c 000 0 eng
020 _a0891452192
040 _aDLC
_cDLC
_dDLC
050 4 _aNK4315
_b.K38 1989
100 1 _aKatz-Marks, Mariann
_91121
245 1 0 _aMajolica pottery
_bAn identification and value guide
_cby Mariann K. Marks.
260 _aPaducah, Kentucky.
_bCollector Books
_c[1989],1983
300 _a143 p.
_bil. a color
_c22 cm.
500 _aDonación Consejo Británico
504 _aBibliografía: p. 6.
650 1 4 _aMayólica
_xColeccionistas y colecciones
_91122
902 _aDCB
942 _2lcc
_cB
999 _c274
_d274